[Event "4. Moscu Open 2008"]
[Site "Moscu RUS"]
[Date "2008.02.06"]
[Round "5.44"]
[White "Amonatov, Farrukh"]
[Black "Ajrapetian, Gevorg"]
[Result "1/2-1/2"]
[WhiteElo "2649"]
[BlackElo "2298"]
[PlyCount "106"]
[EventDate "2008.02.02"]
[EventType "swiss"]
[EventRounds "9"]
[EventCountry "RUS"]
[Source "lmi"]
[SourceDate "2008.02.02"]

1. e4 c5 2. Nf3 e6 3. d4 cxd4 4. Nxd4 a6 5. Bd3 Bc5 6. Nb3 Be7 7. Qg4 g6 8. Qe2
d6 9. a4 b6 10. Na3 Bb7 11. Nc4 Nd7 12. O-O Qc7 13. a5 b5 14. Nb6 Rb8 15. Nxd7
Qxd7 16. Rd1 Nf6 17. Bh6 Bf8 18. Bxf8 Kxf8 19. e5 Nd5 20. Be4 Kg7 21. Nd4 Rbc8
22. Nf3 Rhd8 23. c3 Qc7 24. h3 dxe5 25. Bxd5 Rxd5 26. Rxd5 Bxd5 27. Nxe5 f6 28.
Ng4 h5 29. Ne3 Bb3 30. Qf3 Rd8 31. Qe4 e5 32. g4 hxg4 33. hxg4 Qd6 34. Qb7+ Rd7
35. Qc8 Rd8 36. Qb7+ Rd7 37. Qb6 e4 38. Kg2 Kg8 39. Qxd6 Rxd6 40. Ra3 Bd1 41.
Kg3 Bf3 42. c4 bxc4 43. Rc3 Rd2 44. Rxc4 Rxb2 45. Rc6 Kf7 46. Nd5 Rb5 47. Rxf6+
Kg7 48. Rd6 Rxa5 49. g5 Ra1 50. Rd7+ Kf8 51. Nf6 Ra5 52. Nh7+ Kg8 53. Nf6+ Kf8
1/2-1/2

[Event "4. Moscu Open 2008"]
[Site "Moscu RUS"]
[Date "2008.02.06"]
[Round "5.45"]
[White "Krivoborodov, Egor"]
[Black "Macieja, Bartlomiej"]
[Result "0-1"]
[WhiteElo "2394"]
[BlackElo "2617"]
[PlyCount "44"]
[EventDate "2008.02.02"]
[EventType "swiss"]
[EventRounds "9"]
[EventCountry "RUS"]
[Source "lmi"]
[SourceDate "2008.02.02"]

1. e4 c5 2. Nf3 d6 3. d4 cxd4 4. Nxd4 Nf6 5. Nc3 e6 6. g4 h6 7. Be3 a6 8. h3 b5
9. a3 Bb7 10. Bg2 Nbd7 11. Qe2 g5 12. h4 Rg8 13. hxg5 hxg5 14. O-O-O Rc8 15.
Bd2 Ne5 16. Bxg5 Rxg5 17. f4 Nfxg4 18. fxg5 Rxc3 19. g6 Qg5+ 20. Kb1 Re3 21.
gxf7+ Ke7 22. Qf1 Rg3 0-1

[Event "4. Moscu Open 2008"]
[Site "Moscu RUS"]
[Date "2008.02.06"]
[Round "5.46"]
[White "Polivanov, Anatoliy"]
[Black "Rodshtein, Maxim"]
[Result "0-1"]
[WhiteElo "2391"]
[BlackElo "2614"]
[PlyCount "86"]
[EventDate "2008.02.02"]
[EventType "swiss"]
[EventRounds "9"]
[EventCountry "RUS"]
[Source "lmi"]
[SourceDate "2008.02.02"]

1. e4 c6 2. d4 d5 3. e5 Bf5 4. c4 e6 5. Nc3 Ne7 6. a3 dxc4 7. Bxc4 Nd7 8. Nge2
Nb6 9. Bb3 Ned5 10. Ng3 Bg6 11. Nce4 Be7 12. h4 h5 13. Bd2 Nd7 14. O-O Qb6 15.
Bg5 f6 16. exf6 gxf6 17. Bc1 O-O-O 18. Bc2 Kb8 19. b4 Bf7 20. Rb1 Rdg8 21. Nc5
Nxc5 22. bxc5 Qc7 23. Qf3 Rg4 24. Ne4 Rhg8 25. g3 Be8 26. Kh1 Bd7 27. Bb3 Ka8
28. Rd1 e5 29. dxe5 Qxe5 30. Bf4 Qf5 31. Nc3 Nxc3 32. Qxc3 Rxf4 33. gxf4 Rg4
34. Qe3 Bc8 35. Bc2 Rxh4+ 36. Kg2 Rg4+ 37. Kf3 Qxc2 38. Qxe7 Rxf4+ 39. Ke3
Qxf2+ 40. Kd3 Qd4+ 41. Kc2 Rf2+ 42. Kb3 Rf3+ 43. Ka2 Qc4+ 0-1

[Event "4. Moscu Open 2008"]
[Site "Moscu RUS"]
[Date "2008.02.06"]
[Round "5.47"]
[White "Kotenko, Pavel"]
[Black "Grachev, Boris"]
[Result "0-1"]
[WhiteElo "2390"]
[BlackElo "2601"]
[PlyCount "112"]
[EventDate "2008.02.02"]
[EventType "swiss"]
[EventRounds "9"]
[EventCountry "RUS"]
[Source "lmi"]
[SourceDate "2008.02.02"]

1. e4 c5 2. Nf3 d6 3. d4 cxd4 4. Nxd4 Nf6 5. Nc3 a6 6. g3 e5 7. Nb3 Be6 8. Bg2
Nbd7 9. O-O Be7 10. Re1 O-O 11. a4 Rc8 12. Nd2 Qa5 13. Nf1 Rfd8 14. Ne3 h6 15.
Bd2 Qc7 16. Qe2 Bf8 17. b3 Nb8 18. Ncd5 Bxd5 19. exd5 g6 20. Nc4 Nbd7 21. a5
Re8 22. Be3 Bg7 23. Rad1 Re7 24. h3 Kh7 25. Qd2 Nc5 26. Nb6 Rce8 27. Qc3 Qd8
28. Bxc5 Rc7 29. b4 e4 30. Qb3 dxc5 31. d6 Rc6 32. Qxf7 cxb4 33. Qxb7 Rxd6 34.
Rxd6 Qxd6 35. Qxa6 e3 36. Rxe3 Rxe3 37. fxe3 Qd1+ 38. Qf1 Qxc2 39. a6 Qa2 40.
Qb5 Nh5 41. Na4 Nxg3 42. a7 Ne2+ 43. Kf1 Ng3+ 44. Kg1 Qd2 45. a8=Q Qxe3+ 46.
Kh2 Ne2 47. Qxe2 Qxe2 48. Qa7 b3 49. h4 h5 50. Kh3 Qg4+ 51. Kh2 Qxh4+ 52. Kg1
Qe1+ 53. Bf1 Qg3+ 54. Bg2 Qf4 55. Qd7 Qc1+ 56. Kh2 Kh6 0-1

[Event "4. Moscu Open 2008"]
[Site "Moscu RUS"]
[Date "2008.02.06"]
[Round "5.50"]
[White "Grigoriants, Sergey"]
[Black "Gorbatov, Alexej"]
[Result "1-0"]
[WhiteElo "2583"]
[BlackElo "2384"]
[PlyCount "61"]
[EventDate "2008.02.02"]
[EventType "swiss"]
[EventRounds "9"]
[EventCountry "RUS"]
[Source "lmi"]
[SourceDate "2008.02.02"]

1. Nf3 Nf6 2. c4 e6 3. Nc3 d5 4. d4 c5 5. cxd5 cxd4 6. Qa4+ Bd7 7. Qxd4 exd5 8.
Bg5 Nc6 9. Qd3 Bb4 10. a3 Qa5 11. Bxf6 gxf6 12. Rc1 Ne5 13. Nxe5 Bxc3+ 14. Rxc3
fxe5 15. b4 Qb5 16. Qg3 f6 17. e4 Qb6 18. Qg7 Rf8 19. Be2 Qd6 20. exd5 Qe7 21.
Qh6 Rc8 22. Rg3 Kd8 23. O-O Kc7 24. d6+ Kxd6 25. Rc1 Rc6 26. Rd1+ Kc7 27. Bb5
Rd6 28. Rxd6 Bxb5 29. Rg7 Kxd6 30. Rxe7 Kxe7 31. Qxh7+ 1-0

[Event "4. Moscu Open 2008"]
[Site "Moscu RUS"]
[Date "2008.02.06"]
[Round "5.51"]
[White "Kargin, Arseny"]
[Black "Kunin, Vitaly"]
[Result "1-0"]
[WhiteElo "2386"]
[BlackElo "2538"]
[PlyCount "57"]
[EventDate "2008.02.02"]
[EventType "swiss"]
[EventRounds "9"]
[EventCountry "RUS"]
[Source "lmi"]
[SourceDate "2008.02.02"]

1. e4 c5 2. Nf3 Nf6 3. e5 Nd5 4. Nc3 Nxc3 5. dxc3 Nc6 6. Bc4 e6 7. Bf4 Qb6 8.
Rb1 Qc7 9. O-O h6 10. Re1 b6 11. Nd2 Bb7 12. Bb5 Ne7 13. Nc4 Nd5 14. Bg3 a6 15.
Nd6+ Bxd6 16. exd6 Qc8 17. Be2 Bc6 18. c4 Nf6 19. f3 O-O 20. b4 cxb4 21. Qd4 a5
22. Qxb6 Nh5 23. Bf2 Nf4 24. Bf1 Rd8 25. Qd4 Ng6 26. c3 e5 27. Qd2 bxc3 28.
Qxc3 f5 29. c5 1-0

[Event "4. Moscu Open 2008"]
[Site "Moscu RUS"]
[Date "2008.02.06"]
[Round "5.52"]
[White "Bryzgalin, Kirill"]
[Black "Abasov, Nijat Azad"]
[Result "1-0"]
[WhiteElo "2531"]
[BlackElo "2381"]
[PlyCount "87"]
[EventDate "2008.02.02"]
[EventType "swiss"]
[EventRounds "9"]
[EventCountry "RUS"]
[Source "lmi"]
[SourceDate "2008.02.02"]

1. d4 Nf6 2. Nf3 g6 3. Bg5 Ne4 4. Bh4 Bg7 5. Nbd2 d5 6. e3 Nxd2 7. Qxd2 O-O 8.
Be2 Nd7 9. O-O c6 10. c4 Nf6 11. Rac1 Be6 12. Qb4 a5 13. Qb3 dxc4 14. Bxc4 Bxc4
15. Rxc4 Ne4 16. Qc2 f5 17. Bg3 Qd5 18. b3 Bf6 19. Ne5 Nxg3 20. hxg3 Bxe5 21.
Rc5 Qf7 22. Rxe5 Rfd8 23. Qc5 Rd7 24. Qa3 b6 25. Rc1 Qf6 26. b4 Qd6 27. Qb3+
Kg7 28. bxa5 Rxa5 29. Rxa5 bxa5 30. Rc5 Rd8 31. Qc2 Rb8 32. a4 Rb6 33. Kh2 h5
34. Rxa5 h4 35. Re5 hxg3+ 36. Kxg3 e6 37. Qc5 Qc7 38. f4 Kf7 39. d5 exd5 40.
Rxd5 Ra6 41. Rd6 Qe7 42. Qc4+ Kf8 43. Re6 Rxa4 44. Qxc6 1-0

[Event "4. Moscu Open 2008"]
[Site "Moscu RUS"]
[Date "2008.02.06"]
[Round "5.53"]
[White "Dzhakaev, Dzhakay"]
[Black "Predein, Vladimir"]
[Result "1/2-1/2"]
[WhiteElo "2510"]
[BlackElo "2382"]
[PlyCount "68"]
[EventDate "2008.02.02"]
[EventType "swiss"]
[EventRounds "9"]
[EventCountry "RUS"]
[Source "lmi"]
[SourceDate "2008.02.02"]

1. e4 c5 2. Nf3 e6 3. c4 Nc6 4. Nc3 e5 5. Be2 d6 6. a3 g6 7. b4 Bg7 8. O-O Nge7
9. Nd5 O-O 10. bxc5 dxc5 11. d3 Bg4 12. Bg5 Bxf3 13. Bxf3 Qd6 14. Rb1 b6 15. g3
Nxd5 16. exd5 Nd4 17. Bg2 f5 18. Be3 h5 19. Re1 Kh7 20. Qa4 Rf7 21. f4 Rc8 22.
Kh1 Re7 23. fxe5 Bxe5 24. Bxd4 Bxd4 25. Rxe7+ Qxe7 26. d6 Qxd6 27. Qxa7+ Kh6
28. Rxb6 Qe5 29. Rb1 h4 30. gxh4 Qf4 31. Qe7 Re8 32. Qxe8 Be5 33. Kg1 Bd4+ 34.
Kh1 Be5 1/2-1/2

[Event "4. Moscu Open 2008"]
[Site "Moscu RUS"]
[Date "2008.02.06"]
[Round "5.54"]
[White "Orlinkov, Maxim L"]
[Black "Maslak, Konstantin"]
[Result "0-1"]
[WhiteElo "2384"]
[BlackElo "2510"]
[PlyCount "78"]
[EventDate "2008.02.02"]
[EventType "swiss"]
[EventRounds "9"]
[EventCountry "RUS"]
[Source "lmi"]
[SourceDate "2008.02.02"]

1. d4 Nf6 2. c4 g6 3. Nc3 Bg7 4. Nf3 O-O 5. Bg5 c5 6. e3 cxd4 7. exd4 d5 8.
Bxf6 Bxf6 9. cxd5 e6 10. dxe6 Bxe6 11. Be2 Nc6 12. O-O Nxd4 13. Nxd4 Qxd4 14.
Bf3 Rad8 15. Qxd4 Rxd4 16. Ne4 Be7 17. Rfc1 Rc8 18. Rxc8+ Bxc8 19. Rc1 Bf5 20.
Ng3 Be6 21. a3 Rd2 22. b4 b6 23. Rc7 Rd7 24. Rxd7 Bxd7 25. Bd1 f5 26. Ne2 Kf7
27. Nd4 Bf6 28. Bb3+ Ke7 29. Nf3 b5 30. Ne1 Bb2 31. Nd3 Bxa3 32. Kf1 Be6 33.
Bxe6 Kxe6 34. Ke2 Kd5 35. Kd2 Kc4 36. Ne5+ Kxb4 37. Nc6+ Kc5 38. Nxa7 Kb6 39.
Nc8+ Kb7 0-1

[Event "4. Moscu Open 2008"]
[Site "Moscu RUS"]
[Date "2008.02.06"]
[Round "5.56"]
[White "Skomorokhin, Roman"]
[Black "Demchenko, Anton"]
[Result "0-1"]
[WhiteElo "2378"]
[BlackElo "2491"]
[PlyCount "60"]
[EventDate "2008.02.02"]
[EventType "swiss"]
[EventRounds "9"]
[EventCountry "RUS"]
[Source "lmi"]
[SourceDate "2008.02.02"]

1. d4 Nf6 2. c4 g6 3. Nf3 Bg7 4. g3 O-O 5. Bg2 d6 6. O-O Nbd7 7. Nc3 e5 8. e4
exd4 9. Nxd4 Nc5 10. h3 Re8 11. Re1 a5 12. Rb1 a4 13. b3 axb3 14. axb3 c6 15.
b4 Ncd7 16. Be3 h5 17. Qb3 h4 18. g4 Ne5 19. f3 Qe7 20. Rbd1 Be6 21. f4 Bxc4
22. Qc2 Nexg4 23. hxg4 Nxg4 24. Nf3 Nxe3 25. Rxe3 d5 26. e5 Qxb4 27. Kh1 Bb3
28. Rd4 Ra1+ 29. Kh2 Qxd4 30. Nxd4 Bxc2 0-1

[Event "4. Moscu Open 2008"]
[Site "Moscu RUS"]
[Date "2008.02.06"]
[Round "5.57"]
[White "Melkumyan, Hrant"]
[Black "Shkurikhin, Ilia"]
[Result "1/2-1/2"]
[WhiteElo "2485"]
[BlackElo "2371"]
[PlyCount "79"]
[EventDate "2008.02.02"]
[EventType "swiss"]
[EventRounds "9"]
[EventCountry "RUS"]
[Source "lmi"]
[SourceDate "2008.02.02"]

1. d4 Nf6 2. c4 c5 3. Nf3 cxd4 4. Nxd4 e5 5. Nb5 d5 6. cxd5 Bc5 7. N5c3 O-O 8.
g3 Qb6 9. e3 Bg4 10. Be2 Bxe2 11. Qxe2 e4 12. Nd2 Re8 13. a3 a5 14. O-O Nbd7
15. b3 Bf8 16. Bb2 Nc5 17. Rab1 Rad8 18. Qc4 Ng4 19. Kg2 Ne5 20. Qe2 Qg6 21. b4
axb4 22. axb4 Ncd3 23. Ndxe4 f5 24. Nd2 Bxb4 25. Nf3 f4 26. Nd1 Nxf3 27. Qxf3
Ne1+ 28. Rxe1 Bxe1 29. Rc1 fxe3 30. Rc7 e2 31. Rxg7+ Qxg7 32. Bxg7 exd1=Q 33.
Qxd1 Kxg7 34. d6 Bc3 35. Qf3 Be5 36. Qxb7+ Kh8 37. Qf7 Bxd6 38. Qf6+ Kg8 39.
Qg5+ Kf8 40. Qf6+ 1/2-1/2

[Event "4. Moscu Open 2008"]
[Site "Moscu RUS"]
[Date "2008.02.06"]
[Round "5.58"]
[White "Hambardzumian, Yuri"]
[Black "Gabrielian, Artur"]
[Result "0-1"]
[WhiteElo "2378"]
[BlackElo "2479"]
[PlyCount "63"]
[EventDate "2008.02.02"]
[EventType "swiss"]
[EventRounds "9"]
[EventCountry "RUS"]
[Source "lmi"]
[SourceDate "2008.02.02"]

1. e4 c5 2. Nf3 Nc6 3. d4 cxd4 4. Nxd4 Qb6 5. Nb3 Nf6 6. Nc3 e6 7. f4 Bb4 8. e5
Ne4 9. Qf3 d5 10. exd6 Nxc3 11. bxc3 Bxd6 12. Bd3 O-O 13. Be3 Qc7 14. O-O Ne7
15. c4 Nf5 16. c5 Nxe3 17. cxd6 Qb6 18. Rf2 Nf5 19. Bxf5 exf5 20. Rd1 Be6 21.
Qd3 Rac8 22. Qd4 Qxd4 23. Rxd4 Rfd8 24. Rfd2 b6 25. Kf2 Kf8 26. Nc1 Rc6 27. a3
Ke8 28. Nd3 a5 29. Ke3 f6 30. Nb2 b5 31. Ke2 Rd7 32. Nd1 0-1

[Event "4. Moscu Open 2008"]
[Site "Moscu RUS"]
[Date "2008.02.06"]
[Round "5.59"]
[White "Novgorodskij, Vladimir"]
[Black "Papin, Vasily"]
[Result "0-1"]
[WhiteElo "2370"]
[BlackElo "2475"]
[PlyCount "58"]
[EventDate "2008.02.02"]
[EventType "swiss"]
[EventRounds "9"]
[EventCountry "RUS"]
[Source "lmi"]
[SourceDate "2008.02.02"]

1. e4 c5 2. Nf3 e6 3. d4 cxd4 4. Nxd4 a6 5. Nc3 Qc7 6. Be3 b5 7. Qd2 Bb7 8. f3
Nf6 9. O-O-O b4 10. Nce2 e5 11. Nf5 d5 12. exd5 Nxd5 13. Bg5 Nd7 14. Kb1 N7b6
15. Nc1 h6 16. Bh4 g6 17. Ne3 Bg7 18. Nb3 O-O 19. Bd3 a5 20. Be4 Nxe3 21. Qxe3
Bxe4 22. fxe4 Rfc8 23. Qd3 a4 24. Nd2 Qc6 25. Bf2 Rd8 26. Qe3 Rac8 27. Rc1 a3
28. b3 h5 29. c4 bxc3 0-1

[Event "4. Moscu Open 2008"]
[Site "Moscu RUS"]
[Date "2008.02.06"]
[Round "5.60"]
[White "Tunik, Gennady"]
[Black "Kislov, Oleg"]
[Result "1-0"]
[WhiteElo "2473"]
[BlackElo "2358"]
[PlyCount "67"]
[EventDate "2008.02.02"]
[EventType "swiss"]
[EventRounds "9"]
[EventCountry "RUS"]
[Source "lmi"]
[SourceDate "2008.02.02"]

1. d4 d5 2. c4 dxc4 3. Nf3 Nf6 4. e3 e6 5. Bxc4 c5 6. O-O a6 7. dxc5 Bxc5 8.
Qxd8+ Kxd8 9. Ne5 Ke7 10. Be2 Nbd7 11. Nc4 b5 12. Na5 Ne5 13. Nd2 Bb6 14. Nf3
Bxa5 15. Nxe5 Bb7 16. a4 Rhc8 17. axb5 axb5 18. Nf3 Ne4 19. Bxb5 Be1 20. Rxa8
Bxf2+ 21. Rxf2 Rxc1+ 22. Rf1 Rxf1+ 23. Kxf1 Bxa8 24. Ke2 Kd6 25. Bd3 f6 26. g3
e5 27. Nd2 Nxd2 28. Kxd2 e4 29. Be2 g5 30. b4 f5 31. Ba6 h5 32. Bc8 Ke5 33. b5
Kd5 34. Bxf5 1-0

[Event "4. Moscu Open 2008"]
[Site "Moscu RUS"]
[Date "2008.02.06"]
[Round "5.61"]
[White "Nezad, Husein Aziz"]
[Black "Chadaev, Nikolai"]
[Result "0-1"]
[WhiteElo "2355"]
[BlackElo "2471"]
[PlyCount "78"]
[EventDate "2008.02.02"]
[EventType "swiss"]
[EventRounds "9"]
[EventCountry "RUS"]
[Source "lmi"]
[SourceDate "2008.02.02"]

1. e4 e5 2. Nf3 Nc6 3. Bb5 a6 4. Ba4 d6 5. O-O Bd7 6. c3 g6 7. d4 Bg7 8. dxe5
dxe5 9. Be3 Nge7 10. Nbd2 O-O 11. Bb3 h6 12. Qe2 Na5 13. Bc2 Bb5 14. c4 Bd7 15.
Rfd1 Qc8 16. Rab1 Nac6 17. c5 Be6 18. a3 Qe8 19. b4 f5 20. exf5 gxf5 21. Nc4
Nd5 22. Rb3 Qh5 23. Na5 e4 24. Nd4 Qxe2 25. Nxe2 f4 26. Nd4 Nxe3 27. fxe3 Bxd4
28. exd4 Nxa5 29. bxa5 Bxb3 30. Bxb3+ Kg7 31. Bd5 c6 32. Bxe4 Rfe8 33. Bf3 Rad8
34. Rb1 Re7 35. Rb4 Kg6 36. h4 Kf5 37. Kh2 Rdd7 38. a4 Re1 39. Rb6 Rc1 0-1

[Event "4. Moscu Open 2008"]
[Site "Moscu RUS"]
[Date "2008.02.06"]
[Round "5.62"]
[White "Isajevsky, Anton"]
[Black "Klimov, Anton"]
[Result "1/2-1/2"]
[WhiteElo "2469"]
[BlackElo "2351"]
[PlyCount "32"]
[EventDate "2008.02.02"]
[EventType "swiss"]
[EventRounds "9"]
[EventCountry "RUS"]
[Source "lmi"]
[SourceDate "2008.02.02"]

1. e4 c5 2. d3 Nc6 3. g3 g6 4. Bg2 Bg7 5. Ne2 e6 6. c4 Nge7 7. Nbc3 O-O 8. O-O
b6 9. Rb1 Bb7 10. Bg5 h6 11. Be3 Nd4 12. b4 Nxe2+ 13. Nxe2 cxb4 14. Qd2 d5 15.
exd5 exd5 16. Qxb4 Nf5 1/2-1/2

[Event "4. Moscu Open 2008"]
[Site "Moscu RUS"]
[Date "2008.02.06"]
[Round "5.64"]
[White "Prokopchuk, Yury"]
[Black "Sergienko, Sergey"]
[Result "0-1"]
[WhiteElo "2346"]
[BlackElo "2449"]
[PlyCount "92"]
[EventDate "2008.02.02"]
[EventType "swiss"]
[EventRounds "9"]
[EventCountry "RUS"]
[Source "lmi"]
[SourceDate "2008.02.02"]

1. d4 d5 2. Nf3 Nf6 3. c4 c6 4. cxd5 cxd5 5. Nc3 Nc6 6. Bf4 a6 7. e3 Bg4 8. h3
Bh5 9. a3 e6 10. Bd3 Be7 11. O-O O-O 12. b4 Rc8 13. Na4 Ne4 14. g4 Bg6 15. Nc5
Bxc5 16. bxc5 Nc3 17. Qc2 Bxd3 18. Qxd3 Ne4 19. Rab1 Na5 20. Rb4 f6 21. Rd1 Qe8
22. Ne1 Kh8 23. f3 Ng5 24. Kg2 Nf7 25. Bg3 Nd8 26. Nc2 Rf7 27. Rdb1 Ndc6 28.
Rb6 Rd7 29. a4 Qf7 30. Na3 e5 31. Bf2 Re8 32. Qc3 Kg8 33. R1b2 h5 34. Qc2 e4
35. f4 hxg4 36. hxg4 Qg6 37. Qe2 Kf7 38. Rb1 Rh8 39. Rh1 Rxh1 40. Kxh1 Rd8 41.
Kg2 Rh8 42. Bg3 Qh7 43. Rb1 Qh3+ 44. Kf2 Ne7 45. Rg1 f5 46. g5 Qg4 0-1

[Event "4. Moscu Open 2008"]
[Site "Moscu RUS"]
[Date "2008.02.06"]
[Round "5.65"]
[White "Pisakov, Ilia"]
[Black "Kurenkov, Nikolai"]
[Result "1/2-1/2"]
[WhiteElo "2344"]
[BlackElo "2438"]
[PlyCount "54"]
[EventDate "2008.02.02"]
[EventType "swiss"]
[EventRounds "9"]
[EventCountry "RUS"]
[Source "lmi"]
[SourceDate "2008.02.02"]

1. d4 Nf6 2. Nf3 c5 3. g3 cxd4 4. Nxd4 e5 5. Nb3 d5 6. Bg2 Be7 7. Bg5 Be6 8. c4
Nbd7 9. cxd5 Bxd5 10. Bxd5 Nxd5 11. Qxd5 Bxg5 12. Qxb7 a5 13. O-O O-O 14. Nc3
Qc8 15. Qxc8 Rfxc8 16. Rfd1 Nb6 17. h4 Be7 18. Nd5 Nxd5 19. Rxd5 a4 20. Nd2 Rc2
21. Rb1 Rd8 22. Rxd8+ Bxd8 23. Nf3 Rxe2 24. Kf1 Rc2 25. Nxe5 h5 26. Rd1 Bf6 27.
Nd3 Bxb2 1/2-1/2

[Event "4. Moscu Open 2008"]
[Site "Moscu RUS"]
[Date "2008.02.06"]
[Round "5.66"]
[White "Lavrik, Dmitry"]
[Black "Kozlov, Vladimir N"]
[Result "0-1"]
[WhiteElo "2434"]
[BlackElo "2337"]
[PlyCount "52"]
[EventDate "2008.02.02"]
[EventType "swiss"]
[EventRounds "9"]
[EventCountry "RUS"]
[Source "lmi"]
[SourceDate "2008.02.02"]

1. e4 c5 2. Nf3 d6 3. d4 cxd4 4. Nxd4 Nf6 5. Nc3 Nc6 6. Bc4 Qb6 7. Nde2 e6 8.
Bb3 Be7 9. Be3 Qc7 10. f3 O-O 11. Nd4 a6 12. g4 Nd7 13. h4 Nc5 14. Qe2 Nxd4 15.
Bxd4 b5 16. O-O-O Bd7 17. e5 Nxb3+ 18. axb3 d5 19. f4 Rfc8 20. f5 b4 21. f6 Bf8
22. fxg7 Bxg7 23. Nb1 a5 24. g5 a4 25. bxa4 b3 26. c3 Rxa4 0-1

[Event "4. Moscu Open 2008"]
[Site "Moscu RUS"]
[Date "2008.02.06"]
[Round "5.67"]
[White "Batchuluun, Cegmed"]
[Black "Tjurin, Alexander P"]
[Result "0-1"]
[WhiteElo "2432"]
[BlackElo "2337"]
[PlyCount "64"]
[EventDate "2008.02.02"]
[EventType "swiss"]
[EventRounds "9"]
[EventCountry "RUS"]
[Source "lmi"]
[SourceDate "2008.02.02"]

1. d4 Nf6 2. c4 e5 3. dxe5 Ng4 4. Bf4 g5 5. Bg3 Nc6 6. Nf3 Bg7 7. h4 Ngxe5 8.
Nxe5 Nxe5 9. e3 g4 10. Nc3 d6 11. Qc2 O-O 12. h5 h6 13. O-O-O Be6 14. c5 d5 15.
Nxd5 Bxd5 16. Bh4 Qd7 17. e4 c6 18. Be2 b6 19. f4 gxf3 20. gxf3 Qe6 21. exd5
cxd5 22. Kb1 Rfc8 23. Bf2 bxc5 24. Rhg1 Rab8 25. f4 Ng6 26. hxg6 Rxb2+ 27. Qxb2
Bxb2 28. gxf7+ Kxf7 29. Bh5+ Kf8 30. Kxb2 Qf6+ 31. Bd4 cxd4 32. Rd3 Rc3 0-1

[Event "4. Moscu Open 2008"]
[Site "Moscu RUS"]
[Date "2008.02.06"]
[Round "5.68"]
[White "Pruess, David"]
[Black "Davydov, Sergey P"]
[Result "0-1"]
[WhiteElo "2431"]
[BlackElo "2335"]
[PlyCount "102"]
[EventDate "2008.02.02"]
[EventType "swiss"]
[EventRounds "9"]
[EventCountry "RUS"]
[Source "lmi"]
[SourceDate "2008.02.02"]

1. d4 Nf6 2. c4 c5 3. d5 e5 4. Nc3 d6 5. e4 Be7 6. Bd3 O-O 7. h3 Ne8 8. Nf3 Nd7
9. Be3 a6 10. Qe2 Rb8 11. a3 g6 12. g4 Ng7 13. Bh6 Nf6 14. O-O-O Bd7 15. Nd2
Kh8 16. Be3 Nfe8 17. f4 exf4 18. Bxf4 b5 19. e5 Bg5 20. Qe3 Bxf4 21. Qxf4 dxe5
22. Qxe5 b4 23. axb4 Rxb4 24. Rhe1 Qa5 25. Kc2 Kg8 26. Qe7 Rb7 27. b3 Qb6 28.
Qe3 Nd6 29. Ra1 Rc8 30. Ra3 Re8 31. Qf2 Rxe1 32. Qxe1 f5 33. Qh4 Nf7 34. Qg3 a5
35. Kb2 Qb4 36. Qe3 Kf8 37. gxf5 Bxf5 38. Nde4 Ne5 39. Bf1 Bxe4 40. Nxe4 Rf7
41. Ra1 Nd7 42. Ng5 Rf5 43. Bd3 Ne5 44. Ne4 Kg8 45. Be2 Rf3 46. Nf6+ Kf7 47.
Qxe5 Qxb3+ 48. Kc1 Rc3+ 49. Kd2 Qb2+ 50. Ke1 Rc1+ 51. Rxc1 Qxe5 0-1

[Event "4. Moscu Open 2008"]
[Site "Moscu RUS"]
[Date "2008.02.06"]
[Round "5.69"]
[White "Appolonov, Sergey"]
[Black "Ipatov, Alexander"]
[Result "0-1"]
[WhiteElo "2423"]
[BlackElo "2323"]
[PlyCount "92"]
[EventDate "2008.02.02"]
[EventType "swiss"]
[EventRounds "9"]
[EventCountry "RUS"]
[Source "lmi"]
[SourceDate "2008.02.02"]

1. c4 e5 2. Nc3 Nc6 3. g3 Bb4 4. Nd5 Bc5 5. Bg2 Nge7 6. e3 d6 7. Ne2 a5 8. O-O
O-O 9. d4 Ba7 10. dxe5 Nxe5 11. Nec3 c6 12. Nxe7+ Qxe7 13. Qe2 Bf5 14. Rd1 Rad8
15. f3 h5 16. b3 h4 17. g4 Bc8 18. Kh1 f5 19. g5 h3 20. Bf1 Rfe8 21. Bb2 Ng6
22. Bxh3 Bxe3 23. Qg2 Nh4 24. Qg3 Qxg5 25. Rf1 Qxg3 26. hxg3 Ng6 27. f4 Bd4 28.
Rfe1 Kf7 29. Kg2 Rxe1 30. Rxe1 Re8 31. Rxe8 Kxe8 32. Na4 Bxb2 33. Nxb2 Ne7 34.
Na4 Kd8 35. Kf2 Kc7 36. Ke3 b6 37. Nc3 Ng8 38. Bg2 Nf6 39. Bf3 Be6 40. Kd4 Bd7
41. Ke3 Be6 42. Kd4 Bf7 43. Ke3 d5 44. cxd5 Nxd5+ 45. Bxd5 Bxd5 46. Na4 c5 0-1

[Event "4. Moscu Open 2008"]
[Site "Moscu RUS"]
[Date "2008.02.06"]
[Round "5.70"]
[White "Shvedchikov, Anatoli I"]
[Black "Agaragimov, Djahangir"]
[Result "0-1"]
[WhiteElo "2423"]
[BlackElo "2314"]
[PlyCount "48"]
[EventDate "2008.02.02"]
[EventType "swiss"]
[EventRounds "9"]
[EventCountry "RUS"]
[Source "lmi"]
[SourceDate "2008.02.02"]

1. c4 g6 2. Nc3 Bg7 3. d4 Nf6 4. e4 d6 5. f3 O-O 6. Be3 c5 7. dxc5 dxc5 8. Qxd8
Rxd8 9. Bxc5 Nc6 10. Be3 Nb4 11. Rc1 Be6 12. b3 Nd7 13. a3 Nc6 14. b4 Rac8 15.
Nd5 Bb2 16. Rb1 Bg7 17. Nh3 Bxh3 18. gxh3 e6 19. Nf4 Nce5 20. Kf2 Nb6 21. c5
Nbc4 22. Bxc4 Nxc4 23. Rb3 Nxe3 24. Kxe3 Bh6 0-1

[Event "4. Moscu Open 2008"]
[Site "Moscu RUS"]
[Date "2008.02.06"]
[Round "5.72"]
[White "Matsenko, Sergei"]
[Black "Demianjuk, Alexander"]
[Result "1-0"]
[WhiteElo "2418"]
[BlackElo "2305"]
[PlyCount "103"]
[EventDate "2008.02.02"]
[EventType "swiss"]
[EventRounds "9"]
[EventCountry "RUS"]
[Source "lmi"]
[SourceDate "2008.02.02"]

1. e4 c5 2. Nf3 d6 3. d4 cxd4 4. Nxd4 Nf6 5. Nc3 a6 6. g3 e5 7. Nde2 Nbd7 8.
Bg2 Be7 9. a4 b6 10. h3 Bb7 11. g4 Nc5 12. Ng3 O-O 13. O-O g6 14. Be3 Rb8 15.
Qd2 Ne6 16. Rad1 Qc7 17. Nd5 Bxd5 18. exd5 Nf4 19. Bxf4 exf4 20. Qxf4 Nd7 21.
c3 Bf6 22. Ne2 b5 23. axb5 axb5 24. Nd4 Be5 25. Qd2 Bg7 26. Nc6 Ra8 27. f4 Nb6
28. Ra1 Nc4 29. Qf2 Qb6 30. Qxb6 Nxb6 31. Rfb1 Nc4 32. Rxa8 Rxa8 33. Bf1 Nd2
34. Rd1 Nxf1 35. Kxf1 Ra2 36. Rb1 Ra4 37. Nb4 h6 38. Kf2 Bd4+ 39. Kf3 Bc5 40.
Nd3 Bb6 41. Re1 Kf8 42. h4 Bd8 43. h5 gxh5 44. gxh5 Bf6 45. Kg4 Be7 46. Kf5 Bd8
47. Nb4 Bh4 48. Rh1 Be7 49. Nc6 Ra2 50. Nxe7 Kxe7 51. Re1+ Kd8 52. Re2 1-0

[Event "4. Moscu Open 2008"]
[Site "Moscu RUS"]
[Date "2008.02.06"]
[Round "5.73"]
[White "Demidov, Mikhail"]
[Black "Pustov, Pavel"]
[Result "1/2-1/2"]
[WhiteElo "2289"]
[BlackElo "2413"]
[PlyCount "84"]
[EventDate "2008.02.02"]
[EventType "swiss"]
[EventRounds "9"]
[EventCountry "RUS"]
[Source "lmi"]
[SourceDate "2008.02.02"]

1. d4 c5 2. d5 Nf6 3. Nf3 g6 4. g3 Bg7 5. Bg2 O-O 6. O-O d6 7. Nc3 Na6 8. Nd2
Nc7 9. a4 b6 10. e4 Ba6 11. Re1 Rb8 12. Nf1 Bxf1 13. Bxf1 a6 14. Be3 b5 15. Bg2
b4 16. Nb1 Nd7 17. Ra2 a5 18. Nd2 Nb6 19. Qe2 Qd7 20. Rc1 e6 21. Qd3 exd5 22.
exd5 f5 23. c4 Nxa4 24. Qc2 Nxb2 25. Rxb2 a4 26. Rbb1 b3 27. Nxb3 axb3 28. Rxb3
Na6 29. Rxb8 Rxb8 30. Rb1 Nb4 31. Qd1 Be5 32. h3 Ra8 33. Bd2 Ra2 34. Be3 Qc8
35. Kh1 Qa6 36. f4 Bf6 37. Qf1 Qa3 38. Bf2 Qc3 39. Qe1 Qc2 40. Qe8+ Kg7 41. Re1
Qxf2 42. Re7+ Bxe7 1/2-1/2